[Event "MP do 18 lat - chlopcy"]
[Site "Sypniewo"]
[Date "2022.03.22"]
[Round "4.9"]
[White "Redzisz, Michal"]
[Black "Gradalski, Olaf"]
[Result "1-0"]
[BlackElo "2051"]
[WhiteElo "2223"]
[LiveChessVersion "1.4.8"]

1. d4 {[%clk 1:30:02]} d5 {[%clk 1:30:52]} 2. Nf3 {[%clk 1:27:10]} e6
{[%clk 1:30:38]} 3. g3 {[%clk 1:24:23]} Nf6 {[%clk 1:26:52]} 4. Bg2
{[%clk 1:24:44]} Be7 {[%clk 1:15:02]} 5. c4 {[%clk 1:23:45]} O-O {[%clk 1:15:27]}
6. Qc2 {[%clk 1:20:26]} dxc4 {[%clk 1:12:02]} 7. Qxc4 {[%clk 1:20:53]} a6
{[%clk 1:03:49]} 8. Qc2 {[%clk 1:18:52]} Nc6 {[%clk 0:53:51]} 9. e3
{[%clk 1:08:02]} Nb4 {[%clk 0:51:30]} 10. Qe2 {[%clk 1:04:57]} Bd7
{[%clk 0:49:56]} 11. Nc3 {[%clk 1:03:27]} Bb5 {[%clk 0:41:10]} 12. Nxb5
{[%clk 1:03:51]} axb5 {[%clk 0:41:34]} 13. a3 {[%clk 0:55:42]} c6
{[%clk 0:33:18]} 14. O-O {[%clk 0:55:12]} Ne4 {[%clk 0:23:32]} 15. Ne5
{[%clk 0:45:05]} Nd6 {[%clk 0:20:36]} 16. Bd2 {[%clk 0:45:04]} Nd5
{[%clk 0:20:47]} 17. e4 {[%clk 0:27:19]} Nb6 {[%clk 0:20:54]} 18. Bc3
{[%clk 0:27:47]} Na4 {[%clk 0:10:15]} 19. Rac1 {[%clk 0:20:14]} Nxc3
{[%clk 0:10:37]} 20. Rxc3 {[%clk 0:20:41]} Bf6 {[%clk 0:04:08]} 21. Rd1
{[%clk 0:20:40]} b4 {[%clk 0:03:49]} 22. axb4 {[%clk 0:20:30]} Nb5
{[%clk 0:04:05]} 23. Rcd3 {[%clk 0:19:59]} Bxe5 {[%clk 0:03:20]} 24. dxe5
{[%clk 0:20:28]} Qc7 {[%clk 0:03:01]} 25. f4 Rfd8 {[%clk 0:02:41]} 26. h4
{[%clk 0:18:18]} g6 {[%clk 0:02:02]} 27. Kh2 {[%clk 0:18:36]} Qe7
{[%clk 0:02:12]} 28. f5 {[%clk 0:15:49]} Rxd3 {[%clk 0:02:20]} 29. Rxd3
{[%clk 0:15:41]} Rd8 {[%clk 0:00:53]} 30. fxe6 {[%clk 0:11:05]} fxe6
{[%clk 0:01:13]} 31. Bh3 {[%clk 0:11:34]} Rxd3 {[%clk 0:01:14]} 32. Qxd3
{[%clk 0:12:03]} Kg7 {[%clk 0:01:06]} 33. Qc4 {[%clk 0:08:23]} Nc7
{[%clk 0:01:06]} 34. Qd4 {[%clk 0:08:34]} Nb5 {[%clk 0:01:10]} 35. Qd3
{[%clk 0:08:27]} Qc7 {[%clk 0:01:03]} 36. Bxe6 {[%clk 0:07:34]} Qe7
{[%clk 0:00:39]} 37. Bc4 {[%clk 0:05:40]} Qxe5 {[%clk 0:00:57]} 38. Bxb5
{[%clk 0:05:51]} Qxb2+ {[%clk 0:00:45]} 39. Qe2 {[%clk 0:06:18]} Qxb4
{[%clk 0:01:10]} 40. Bd3 {[%clk 0:35:25]} b5 {[%clk 0:31:22]} 41. e5
{[%clk 0:32:40]} Qc5 {[%clk 0:31:15]} 42. Qe4 {[%clk 0:30:55]} Qf2+
{[%clk 0:31:15]} 43. Kh3 {[%clk 0:31:16]} Qf5+ {[%clk 0:26:38]} 44. Qxf5
{[%clk 0:31:11]} gxf5 {[%clk 0:27:03]} 45. Bxf5 {[%clk 0:31:39]} c5
{[%clk 0:27:28]} 46. Bd7 {[%clk 0:31:30]} Kf7 {[%clk 0:25:26]} 47. Bxb5
{[%clk 0:31:22]} Ke6 {[%clk 0:25:55]} 48. Kg4 {[%clk 0:31:36]} Kd5 1-0

[Event "MP do 18 lat - chlopcy"]
[Site "Sypniewo"]
[Date "2022.03.22"]
[Round "4.10"]
[White "Syrkiewicz, Michal"]
[Black "Turski, Bartlomiej"]
[Result "0-1"]
[BlackElo "2220"]
[WhiteElo "1988"]
[LiveChessVersion "1.4.8"]

1. e4 {[%clk 1:30:53]} c6 {[%clk 1:30:57]} 2. d4 {[%clk 1:31:08]} d5
{[%clk 1:31:23]} 3. e5 {[%clk 1:31:24]} Bf5 {[%clk 1:31:48]} 4. h4
{[%clk 1:31:15]} h6 {[%clk 1:32:14]} 5. g4 {[%clk 1:29:36]} Bd7 {[%clk 1:32:40]}
6. h5 {[%clk 1:27:23]} e6 {[%clk 1:33:01]} 7. f4 {[%clk 1:24:24]} c5
{[%clk 1:33:07]} 8. c3 {[%clk 1:24:14]} Nc6 {[%clk 1:33:00]} 9. Nf3
{[%clk 1:22:45]} Qb6 {[%clk 1:33:26]} 10. Kf2 {[%clk 1:01:10]} f6
{[%clk 1:33:42]} 11. Kg3 {[%clk 1:00:34]} fxe5 {[%clk 1:24:51]} 12. fxe5
{[%clk 0:57:12]} O-O-O {[%clk 1:23:45]} 13. Qc2 {[%clk 0:53:10]} cxd4
{[%clk 1:11:40]} 14. cxd4 {[%clk 0:52:45]} Kb8 {[%clk 1:10:45]} 15. Be3
{[%clk 0:50:41]} Nge7 {[%clk 1:06:06]} 16. Nc3 {[%clk 0:46:30]} Rg8
{[%clk 0:56:20]} 17. Na4 {[%clk 0:38:50]} Nb4 {[%clk 0:54:18]} 18. Qb3
{[%clk 0:35:48]} Bxa4 {[%clk 0:53:24]} 19. Qxa4 {[%clk 0:36:11]} g6
{[%clk 0:53:33]} 20. a3 {[%clk 0:30:44]} Nbc6 {[%clk 0:39:39]} 21. Bd3
{[%clk 0:27:12]} gxh5 {[%clk 0:30:04]} 22. Rxh5 {[%clk 0:27:00]} Qxb2
{[%clk 0:29:40]} 23. Rg1 {[%clk 0:17:20]} Nf5+ {[%clk 0:18:58]} 24. Bxf5
{[%clk 0:16:34]} exf5 {[%clk 0:19:27]} 25. Rxf5 {[%clk 0:16:43]} Rd7
{[%clk 0:13:19]} 26. Kh3 {[%clk 0:12:27]} Rdg7 {[%clk 0:10:57]} 27. Bf4
{[%clk 0:07:28]} Be7 {[%clk 0:07:27]} 28. Bh2 {[%clk 0:05:49]} Ka8
{[%clk 0:05:12]} 29. Qd1 {[%clk 0:04:38]} Qxa3 {[%clk 0:04:35]} 30. Rg3
{[%clk 0:03:59]} Qe3 {[%clk 0:03:26]} 31. Bg1 {[%clk 0:02:59]} Qe4
{[%clk 0:03:43]} 32. Nh4 {[%clk 0:02:20]} Qh1+ {[%clk 0:04:00]} 33. Bh2
{[%clk 0:02:38]} Qxd1 {[%clk 0:04:27]} 0-1

[Event "MP do 18 lat - chlopcy"]
[Site "Sypniewo"]
[Date "2022.03.22"]
[Round "4.11"]
[White "Luberanski, Jakub"]
[Black "Kasprzak, Lukasz"]
[Result "1-0"]
[BlackElo "1884"]
[WhiteElo "2211"]
[LiveChessVersion "1.4.8"]

1. e4 {[%clk 1:30:59]} c5 {[%clk 1:29:24]} 2. Nf3 {[%clk 1:31:22]} d6
{[%clk 1:29:52]} 3. d4 {[%clk 1:31:46]} cxd4 {[%clk 1:30:17]} 4. Nxd4
{[%clk 1:32:12]} Nf6 {[%clk 1:30:38]} 5. Nc3 {[%clk 1:32:39]} a6 {[%clk 1:29:35]}
6. h3 {[%clk 1:33:05]} e5 {[%clk 1:29:12]} 7. Nde2 {[%clk 1:33:09]} h5
{[%clk 1:28:41]} 8. Bg5 {[%clk 1:33:34]} Be7 {[%clk 1:26:32]} 9. Ng3
{[%clk 1:33:59]} h4 {[%clk 1:16:54]} 10. Nf5 {[%clk 1:34:17]} Bxf5
{[%clk 1:17:11]} 11. Bxf6 {[%clk 1:34:31]} Bxf6 {[%clk 1:14:48]} 12. exf5
{[%clk 1:34:57]} O-O {[%clk 1:02:31]} 13. Nd5 {[%clk 1:22:12]} e4
{[%clk 0:51:52]} 14. c3 {[%clk 1:19:27]} Nd7 {[%clk 0:51:29]} 15. Be2
{[%clk 1:18:39]} Nb6 {[%clk 0:48:28]} 16. O-O {[%clk 1:15:40]} Re8
{[%clk 0:44:08]} 17. Nxf6+ {[%clk 1:03:44]} Qxf6 {[%clk 0:44:28]} 18. Qb3
{[%clk 1:04:09]} d5 {[%clk 0:42:18]} 19. a4 {[%clk 1:02:00]} Qc6 {[%clk 0:40:45]}
20. Rfd1 {[%clk 0:48:38]} Re5 {[%clk 0:24:45]} 21. Rd4 {[%clk 0:30:18]} Rxf5
{[%clk 0:15:31]} 22. a5 {[%clk 0:30:26]} Nd7 {[%clk 0:14:45]} 23. Rad1
{[%clk 0:24:56]} Nc5 {[%clk 0:09:25]} 24. Qa2 {[%clk 0:22:19]} Qf6
{[%clk 0:08:06]} 25. Bg4 {[%clk 0:13:20]} Rxf2 {[%clk 0:06:56]} 26. Qxd5
{[%clk 0:13:35]} Ne6 {[%clk 0:02:39]} 27. Rxe4 {[%clk 0:07:33]} Nf4
{[%clk 0:00:44]} 28. Qxb7 {[%clk 0:07:11]} Rf8 {[%clk 0:00:40]} 29. Qb6
{[%clk 0:04:00]} Rxg2+ {[%clk 0:00:38]} 30. Kh1 {[%clk 0:04:24]} Rf2
{[%clk 0:00:33]} 31. Qxf2 {[%clk 0:04:26]} 1-0

[Event "MP do 18 lat - chlopcy"]
[Site "Sypniewo"]
[Date "2022.03.22"]
[Round "4.12"]
[White "Bachor, Tomasz"]
[Black "Grzesik, Gracjan"]
[Result "1/2-1/2"]
[BlackElo "2208"]
[WhiteElo "2041"]
[LiveChessVersion "1.4.8"]

1. e4 {[%clk 1:30:50]} c5 {[%clk 1:30:41]} 2. Nf3 {[%clk 1:31:11]} d6
{[%clk 1:30:57]} 3. d4 {[%clk 1:31:32]} cxd4 {[%clk 1:30:04]} 4. Nxd4
{[%clk 1:31:56]} Nf6 {[%clk 1:30:30]} 5. Nc3 {[%clk 1:32:22]} Nc6
{[%clk 1:27:19]} 6. Bg5 {[%clk 1:31:47]} Qb6 {[%clk 1:26:36]} 7. Nb3
{[%clk 1:30:21]} e6 {[%clk 1:25:24]} 8. Be2 {[%clk 1:26:22]} Be7 {[%clk 1:24:50]}
9. O-O {[%clk 1:26:11]} O-O {[%clk 1:19:03]} 10. Kh1 {[%clk 1:22:48]} Rd8
{[%clk 1:15:16]} 11. Be3 {[%clk 1:17:25]} Qc7 {[%clk 1:15:05]} 12. f4
{[%clk 1:17:11]} a6 {[%clk 1:09:35]} 13. Na4 {[%clk 1:10:48]} Nd7
{[%clk 0:59:51]} 14. c4 {[%clk 1:06:04]} Nc5 {[%clk 0:54:06]} 15. Nc3
{[%clk 1:00:16]} Bf6 {[%clk 0:50:55]} 16. Nd4 {[%clk 0:47:33]} b6
{[%clk 0:44:38]} 17. Bf3 {[%clk 0:37:04]} Bb7 {[%clk 0:41:55]} 18. Rc1
{[%clk 0:28:00]} Nxd4 {[%clk 0:32:43]} 19. Bxd4 {[%clk 0:28:19]} e5
{[%clk 0:24:56]} 20. Bxc5 {[%clk 0:13:42]} dxc5 {[%clk 0:24:36]} 21. Nd5
{[%clk 0:14:06]} Bxd5 {[%clk 0:24:27]} 22. exd5 {[%clk 0:14:13]} Qd6
{[%clk 0:22:14]} 23. f5 {[%clk 0:13:12]} e4 {[%clk 0:17:00]} 24. Bxe4
{[%clk 0:13:37]} Bxb2 {[%clk 0:17:21]} 25. Rb1 {[%clk 0:09:33]} Bf6
{[%clk 0:13:31]} 26. a4 {[%clk 0:08:41]} Re8 {[%clk 0:12:43]} 27. Bf3
{[%clk 0:07:42]} a5 {[%clk 0:06:10]} 28. Qb3 {[%clk 0:05:29]} Bd8
{[%clk 0:03:57]} 29. Rfe1 {[%clk 0:05:28]} Bc7 {[%clk 0:03:33]} 30. g3
{[%clk 0:05:50]} Kf8 {[%clk 0:03:09]} 31. Kg2 {[%clk 0:05:29]} 1/2-1/2

[Event "MP do 18 lat - chlopcy"]
[Site "Sypniewo"]
[Date "2022.03.22"]
[Round "4.13"]
[White "Lenart, Jakub"]
[Black "Kozlowski, Michal"]
[Result "0-1"]
[BlackElo "2078"]
[WhiteElo "1792"]
[LiveChessVersion "1.4.8"]

1. d4 {[%clk 1:30:57]} Nf6 {[%clk 1:30:56]} 2. Nf3 {[%clk 1:31:07]} e6
{[%clk 1:30:54]} 3. c4 {[%clk 1:31:15]} b6 {[%clk 1:29:42]} 4. g3
{[%clk 1:30:30]} Bb7 {[%clk 1:26:54]} 5. Bg2 {[%clk 1:30:32]} Bb4+
{[%clk 1:26:13]} 6. Bd2 {[%clk 1:30:39]} Bxd2+ {[%clk 1:26:33]} 7. Nbxd2
{[%clk 1:31:03]} c5 {[%clk 1:26:34]} 8. dxc5 {[%clk 1:26:11]} bxc5
{[%clk 1:26:49]} 9. O-O {[%clk 1:26:31]} O-O {[%clk 1:26:58]} 10. a3
{[%clk 1:26:10]} Nc6 {[%clk 1:23:46]} 11. Rb1 {[%clk 1:15:48]} Qb6
{[%clk 1:15:50]} 12. Qc2 {[%clk 1:02:57]} Rfd8 {[%clk 1:10:44]} 13. e4
{[%clk 0:59:13]} d6 {[%clk 1:03:40]} 14. Rfe1 {[%clk 0:51:51]} e5
{[%clk 1:00:48]} 15. Qc3 {[%clk 0:44:19]} a5 {[%clk 0:58:11]} 16. Nh4
{[%clk 0:40:14]} Nd4 {[%clk 0:42:21]} 17. b4 {[%clk 0:38:41]} cxb4
{[%clk 0:34:34]} 18. axb4 {[%clk 0:38:21]} axb4 {[%clk 0:30:59]} 19. Rxb4
{[%clk 0:38:17]} Qc7 {[%clk 0:29:47]} 20. Qb2 {[%clk 0:30:21]} Bc6
{[%clk 0:28:53]} 21. Nb3 {[%clk 0:24:18]} Ne6 {[%clk 0:26:21]} 22. Nd2
{[%clk 0:20:37]} g6 {[%clk 0:23:40]} 23. Nhf3 {[%clk 0:19:01]} Nc5
{[%clk 0:23:07]} 24. Qb1 {[%clk 0:15:53]} Ra3 {[%clk 0:19:20]} 25. Bf1
{[%clk 0:12:05]} Nfxe4 {[%clk 0:14:25]} 26. Nxe4 {[%clk 0:12:01]} Nxe4
{[%clk 0:14:49]} 27. Rb3 {[%clk 0:10:48]} Rxb3 {[%clk 0:14:49]} 28. Qxb3
{[%clk 0:11:17]} Rb8 {[%clk 0:14:19]} 29. Qd3 {[%clk 0:07:22]} Nc5
{[%clk 0:14:38]} 30. Qe2 {[%clk 0:06:49]} Ne6 {[%clk 0:09:31]} 31. Nd2
{[%clk 0:02:33]} Rb2 {[%clk 0:08:42]} 32. Qe3 {[%clk 0:02:32]} Nd4
{[%clk 0:07:18]} 33. Ne4 {[%clk 0:02:00]} Rb3 {[%clk 0:03:54]} 34. Bd3
{[%clk 0:00:54]} f5 {[%clk 0:00:43]} 35. Nd2 {[%clk 0:00:41]} Rb2
{[%clk 0:00:42]} 36. Be2 {[%clk 0:00:43]} Qa5 {[%clk 0:00:41]} 37. Rd1
{[%clk 0:00:35]} Ba4 {[%clk 0:00:39]} 38. Ra1 {[%clk 0:00:36]} Qxd2
{[%clk 0:00:59]} 39. Rxa4 {[%clk 0:00:35]} Qxe3 {[%clk 0:01:09]} 40. fxe3
{[%clk 0:30:39]} Nxe2+ {[%clk 0:31:33]} 0-1

[Event "MP do 18 lat - chlopcy"]
[Site "Sypniewo"]
[Date "2022.03.22"]
[Round "4.14"]
[White "Gorkiewicz, Mateusz"]
[Black "Stachecki, Mikolaj"]
[Result "1-0"]
[BlackElo "1837"]
[WhiteElo "2073"]
[LiveChessVersion "1.4.8"]

1. e4 {[%clk 1:30:56]} c5 {[%clk 1:30:51]} 2. Nf3 {[%clk 1:31:13]} d6 3. d4 cxd4
{[%clk 1:30:28]} 4. Nxd4 {[%clk 1:31:32]} Nf6 {[%clk 1:30:48]} 5. Nc3
{[%clk 1:31:50]} Nc6 {[%clk 1:31:06]} 6. Bg5 {[%clk 1:31:47]} e6 {[%clk 1:31:14]}
7. Bb5 {[%clk 1:31:44]} Bd7 {[%clk 1:30:58]} 8. Bxc6 {[%clk 1:31:55]} bxc6
{[%clk 1:31:11]} 9. Qf3 {[%clk 1:32:06]} e5 {[%clk 1:30:16]} 10. Nf5
{[%clk 1:31:49]} Bxf5 {[%clk 1:30:12]} 11. Qxf5 {[%clk 1:32:06]} Qd7
{[%clk 1:20:46]} 12. Qf3 {[%clk 1:28:37]} Be7 {[%clk 1:20:20]} 13. O-O-O
{[%clk 1:28:15]} O-O {[%clk 1:16:07]} 14. Rd3 {[%clk 1:26:58]} Rfd8
{[%clk 1:10:38]} 15. Rhd1 {[%clk 1:25:55]} Qe6 {[%clk 1:08:48]} 16. Kb1
{[%clk 1:22:06]} Ne8 {[%clk 0:50:49]} 17. Bxe7 {[%clk 1:20:03]} Qxe7
{[%clk 0:51:07]} 18. R1d2 {[%clk 1:17:26]} Rd7 {[%clk 0:43:46]} 19. Qd1
{[%clk 1:11:49]} Rad8 {[%clk 0:43:54]} 20. a3 {[%clk 0:59:07]} Nc7
{[%clk 0:43:08]} 21. Qh5 {[%clk 0:54:02]} d5 {[%clk 0:34:22]} 22. Rh3
{[%clk 0:42:18]} h6 {[%clk 0:34:36]} 23. Rg3 {[%clk 0:41:55]} Kh8
{[%clk 0:33:09]} 24. Rdd3 {[%clk 0:38:52]} d4 {[%clk 0:25:56]} 25. Ne2
{[%clk 0:32:11]} c5 {[%clk 0:23:43]} 26. Rg4 {[%clk 0:28:20]} Ne8
{[%clk 0:20:00]} 27. Rh4 {[%clk 0:24:58]} c4 {[%clk 0:14:56]} 28. Rdh3
{[%clk 0:20:22]} Nf6 {[%clk 0:13:58]} 29. Qg5 {[%clk 0:10:18]} Nh7
{[%clk 0:12:05]} 30. Qc1 {[%clk 0:09:56]} d3 {[%clk 0:11:45]} 31. Nc3
{[%clk 0:09:30]} Ng5 {[%clk 0:07:41]} 32. Re3 {[%clk 0:06:53]} Rb8
{[%clk 0:06:32]} 33. cxd3 {[%clk 0:03:58]} cxd3 {[%clk 0:06:53]} 34. Ka1
{[%clk 0:04:13]} Ne6 {[%clk 0:06:55]} 35. Rhh3 {[%clk 0:03:33]} Nd4
{[%clk 0:05:10]} 36. Ka2 {[%clk 0:03:06]} Nb3 {[%clk 0:01:11]} 37. Qd1
{[%clk 0:03:16]} d2 {[%clk 0:00:59]} 38. Nd5 {[%clk 0:03:27]} Nc1+
{[%clk 0:01:05]} 39. Kb1 {[%clk 0:03:05]} Rxb2+ {[%clk 0:00:42]} 40. Kxb2
{[%clk 0:03:25]} Rb7+ {[%clk 0:00:55]} 41. Rb3 {[%clk 0:27:13]} Rxb3+
{[%clk 0:21:11]} 42. Rxb3 {[%clk 0:27:28]} Nxb3 {[%clk 0:21:34]} 43. Nxe7
{[%clk 0:27:53]} 1-0

[Event "MP do 18 lat - chlopcy"]
[Site "Sypniewo"]
[Date "2022.03.22"]
[Round "4.15"]
[White "Czernek, Tymon"]
[Black "Bartlomowicz, Jakub"]
[Result "1-0"]
[BlackElo "1774"]
[WhiteElo "2229"]
[LiveChessVersion "1.4.8"]

1. e4 {[%clk 1:30:57]} c5 {[%clk 1:30:17]} 2. Nf3 {[%clk 1:31:23]} Nc6
{[%clk 1:30:04]} 3. d4 {[%clk 1:31:49]} cxd4 {[%clk 1:30:18]} 4. Nxd4
{[%clk 1:32:14]} Nf6 {[%clk 1:29:51]} 5. Nc3 {[%clk 1:32:40]} e5 {[%clk 1:29:37]}
6. Ndb5 {[%clk 1:33:07]} d6 {[%clk 1:28:39]} 7. Bg5 {[%clk 1:33:32]} a6
{[%clk 1:26:29]} 8. Na3 {[%clk 1:33:56]} b5 {[%clk 1:24:51]} 9. Bxf6
{[%clk 1:34:21]} gxf6 {[%clk 1:24:00]} 10. Nd5 {[%clk 1:34:45]} f5
{[%clk 1:22:00]} 11. Bd3 {[%clk 1:35:08]} Be6 {[%clk 1:19:43]} 12. c3
{[%clk 1:35:33]} Bxd5 {[%clk 1:16:47]} 13. exd5 {[%clk 1:35:58]} Ne7
{[%clk 1:17:03]} 14. O-O {[%clk 1:35:40]} Bg7 {[%clk 1:15:48]} 15. Qh5
{[%clk 1:34:45]} e4 {[%clk 1:13:08]} 16. Bc2 {[%clk 1:35:09]} O-O
{[%clk 1:10:14]} 17. Rae1 {[%clk 1:34:03]} Qc8 {[%clk 1:03:16]} 18. Bb1
{[%clk 1:27:20]} Nxd5 {[%clk 0:55:30]} 19. Bxe4 {[%clk 1:26:35]} fxe4
{[%clk 0:49:14]} 20. Qxd5 {[%clk 1:26:58]} Qc5 {[%clk 0:49:19]} 21. Qxe4
{[%clk 1:22:29]} d5 {[%clk 0:48:04]} 22. Qf5 {[%clk 1:20:59]} a5 {[%clk 0:47:10]}
23. Nc2 {[%clk 1:19:55]} b4 {[%clk 0:45:41]} 24. Ne3 {[%clk 1:19:16]} Rad8
{[%clk 0:42:52]} 25. Rd1 {[%clk 1:13:02]} bxc3 {[%clk 0:42:28]} 26. bxc3
{[%clk 1:13:28]} Qxc3 {[%clk 0:41:22]} 27. Nxd5 {[%clk 1:13:20]} Qb2
{[%clk 0:40:33]} 28. Rd3 {[%clk 1:10:50]} Kh8 {[%clk 0:39:57]} 29. Rfd1
{[%clk 0:57:59]} Rd6 {[%clk 0:38:43]} 30. a3 {[%clk 0:57:20]} h6 {[%clk 0:30:34]}
31. g3 {[%clk 0:57:16]} Rc6 {[%clk 0:27:22]} 32. Nf4 {[%clk 0:53:32]} a4
{[%clk 0:25:48]} 33. Nh5 {[%clk 0:45:42]} Rc1 {[%clk 0:23:05]} 34. Nxg7
{[%clk 0:44:34]} Rxd1+ {[%clk 0:23:09]} 35. Rxd1 {[%clk 0:45:03]} Qxg7
{[%clk 0:23:28]} 36. Qe4 {[%clk 0:44:52]} 1-0

[Event "MP do 18 lat - chlopcy"]
[Site "Sypniewo"]
[Date "2022.03.22"]
[Round "4.16"]
[White "Kitewski, Bartosz"]
[Black "Koziorowicz, Michal"]
[Result "1-0"]
[BlackElo "2291"]
[WhiteElo "1870"]
[LiveChessVersion "1.4.8"]

1. d4 {[%clk 1:30:57]} f5 {[%clk 1:30:23]} 2. c4 {[%clk 1:31:21]} Nf6
{[%clk 1:30:47]} 3. g3 {[%clk 1:31:45]} e6 {[%clk 1:31:07]} 4. Bg2
{[%clk 1:32:05]} d5 {[%clk 1:31:06]} 5. Nf3 {[%clk 1:31:41]} c6 {[%clk 1:30:40]}
6. Nc3 {[%clk 1:31:49]} Bd6 {[%clk 1:30:54]} 7. O-O {[%clk 1:31:41]} O-O
{[%clk 1:30:25]} 8. Rb1 {[%clk 1:30:10]} a5 {[%clk 1:22:28]} 9. a3
{[%clk 1:28:04]} Ne4 {[%clk 1:17:42]} 10. Qc2 {[%clk 1:19:26]} Bd7
{[%clk 1:06:49]} 11. Ne1 {[%clk 0:58:30]} Qf6 {[%clk 0:59:45]} 12. Nxe4
{[%clk 0:47:50]} fxe4 {[%clk 0:59:13]} 13. Be3 {[%clk 0:48:15]} b5
{[%clk 0:53:19]} 14. c5 {[%clk 0:41:40]} Bc7 {[%clk 0:50:10]} 15. f3
{[%clk 0:41:27]} exf3 {[%clk 0:50:22]} 16. Rxf3 {[%clk 0:40:47]} Qe7
{[%clk 0:49:07]} 17. Rxf8+ {[%clk 0:40:16]} Qxf8 {[%clk 0:49:31]} 18. Nd3
{[%clk 0:39:36]} Be8 {[%clk 0:45:16]} 19. Bf4 {[%clk 0:38:25]} Bxf4
{[%clk 0:44:19]} 20. Nxf4 {[%clk 0:37:41]} g5 {[%clk 0:38:15]} 21. Nd3
{[%clk 0:27:09]} Bg6 {[%clk 0:33:06]} 22. Qd2 {[%clk 0:25:56]} Qe7
{[%clk 0:30:41]} 23. Re1 {[%clk 0:22:11]} Nd7 {[%clk 0:24:46]} 24. Nf2
{[%clk 0:22:11]} e5 {[%clk 0:19:20]} 25. e4 {[%clk 0:21:41]} exd4
{[%clk 0:16:54]} 26. exd5 {[%clk 0:21:31]} Qxc5 {[%clk 0:16:46]} 27. Rc1
{[%clk 0:20:56]} Qe7 {[%clk 0:14:55]} 28. dxc6 {[%clk 0:17:59]} Ne5
{[%clk 0:14:47]} 29. Qxd4 {[%clk 0:17:50]} Qf6 {[%clk 0:11:25]} 30. Qd5+
{[%clk 0:13:38]} Kg7 {[%clk 0:10:13]} 31. c7 {[%clk 0:12:43]} Rf8
{[%clk 0:08:49]} 32. c8=Q {[%clk 0:09:51]} Qxf2+ {[%clk 0:09:13]} 33. Kh1
{[%clk 0:10:16]} Nd3 {[%clk 0:07:43]} 34. Rc7+ {[%clk 0:08:55]} Kh8
{[%clk 0:05:33]} 35. Qxf8+ {[%clk 0:09:12]} Qxf8 {[%clk 0:05:38]} 36. Qd4+
{[%clk 0:09:37]} Kg8 {[%clk 0:06:04]} 37. Bd5+ {[%clk 0:10:00]} 1-0

[Event "MP do 18 lat - chlopcy"]
[Site "Sypniewo"]
[Date "2022.03.22"]
[Round "4.17"]
[White "Ciborowski, Konrad Jr"]
[Black "Panek, Bartosz"]
[Result "0-1"]
[BlackElo "2010"]
[WhiteElo "1869"]
[LiveChessVersion "1.4.8"]

1. Nf3 {[%clk 1:30:58]} Nf6 {[%clk 1:29:17]} 2. e3 {[%clk 1:31:23]} c5
{[%clk 1:28:56]} 3. c4 {[%clk 1:31:47]} e6 {[%clk 1:29:18]} 4. b3
{[%clk 1:32:13]} b6 {[%clk 1:29:44]} 5. Bb2 {[%clk 1:32:40]} Bb7 {[%clk 1:29:25]}
6. Be2 {[%clk 1:33:06]} Be7 {[%clk 1:29:24]} 7. O-O {[%clk 1:33:29]} O-O
{[%clk 1:29:48]} 8. Nc3 {[%clk 1:33:02]} d5 {[%clk 1:27:46]} 9. cxd5
{[%clk 1:33:26]} Nxd5 {[%clk 1:27:52]} 10. d4 {[%clk 1:33:29]} Nd7
{[%clk 1:27:14]} 11. Qd2 {[%clk 1:32:15]} Rc8 {[%clk 1:18:23]} 12. Rfd1
{[%clk 1:32:26]} Bf6 {[%clk 1:15:06]} 13. Ne4 {[%clk 1:32:38]} Be7
{[%clk 1:01:55]} 14. dxc5 {[%clk 1:26:12]} Nxc5 {[%clk 1:01:28]} 15. Qd4
{[%clk 1:25:45]} Nf6 {[%clk 1:01:29]} 16. Nxc5 {[%clk 1:18:36]} Qxd4
{[%clk 0:56:32]} 17. exd4 {[%clk 1:17:51]} bxc5 {[%clk 0:56:57]} 18. Ba3
{[%clk 1:05:56]} Nd5 {[%clk 0:51:26]} 19. Rac1 {[%clk 1:06:00]} cxd4
{[%clk 0:48:30]} 20. Bxe7 {[%clk 1:06:21]} Nxe7 {[%clk 0:48:16]} 21. Nxd4
{[%clk 1:06:43]} Rxc1 {[%clk 0:31:11]} 22. Rxc1 {[%clk 1:07:01]} Rc8
{[%clk 0:30:49]} 23. Rxc8+ {[%clk 1:07:22]} Nxc8 {[%clk 0:31:15]} 24. b4
{[%clk 1:03:55]} Kf8 {[%clk 0:31:20]} 25. f3 {[%clk 1:04:05]} e5 {[%clk 0:28:05]}
26. Nb5 {[%clk 1:04:08]} Ke7 {[%clk 0:26:25]} 27. Kf2 {[%clk 1:04:22]} Bc6
{[%clk 0:24:58]} 28. Ke3 {[%clk 1:03:58]} f5 {[%clk 0:19:51]} 29. g3
{[%clk 1:00:59]} Bxb5 {[%clk 0:17:24]} 30. Bxb5 {[%clk 1:01:24]} Nb6
{[%clk 0:17:47]} 31. Kd3 {[%clk 1:00:21]} Kd6 {[%clk 0:17:35]} 32. a4
{[%clk 0:58:18]} Nd5 {[%clk 0:17:39]} 33. Kc4 {[%clk 0:58:21]} Nc7
{[%clk 0:08:39]} 34. a5 {[%clk 0:58:48]} Nxb5 {[%clk 0:07:27]} 35. Kxb5
{[%clk 0:59:14]} Kd5 {[%clk 0:07:45]} 36. Ka4 {[%clk 0:55:26]} Kc4
{[%clk 0:08:01]} 37. b5 {[%clk 0:55:25]} Kc5 {[%clk 0:08:20]} 38. h3
{[%clk 0:54:56]} g5 {[%clk 0:06:00]} 39. b6 {[%clk 0:49:14]} axb6
{[%clk 0:06:25]} 40. a6 {[%clk 1:19:42]} Kc6 {[%clk 0:36:48]} 41. a7
{[%clk 1:20:09]} Kb7 {[%clk 0:37:10]} 42. Kb5 {[%clk 1:20:37]} Kxa7
{[%clk 0:32:47]} 43. Kc4 {[%clk 1:21:02]} f4 {[%clk 0:32:51]} 0-1